LEADER 01023nam a2200277 i 4500 001 991000899769707536 005 20020507175504.0 008 930426s1991 it ||| | ita 035 $ab10773009-39ule_inst 035 $aLE01304031$9ExL 040 $aDip.to Matematica$beng 082 0 $a530.12 084 $aAMS 81-06 084 $aAMS 81-XX 100 1 $aCattaneo, Gianpiero$052862 245 12$aI fondamenti della meccanica quantistica :$banalisi storica e problemi aperti /$ceds. G. Cattaneo, A. Rossi 260 $aCommenda di Rende :$bEditel,$c1991 300 $aviii, 392 p. ;$c25 cm. 490 0 $aSeminars and conferences ;$v6 650 4$aQuantum theory$xCongresses 907 $a.b10773009$b23-02-17$c28-06-02 912 $a991000899769707536 945 $aLE013 81-XX CAT11 (1991)$g1$i2013000006758$lle013$o-$pE0.00$q-$rn$s- $t1$u0$v0$w0$x0$y.i10871585$z28-06-02 996 $aFondamenti della meccanica quantistica$9187828 997 $aUNISALENTO 998 $ale013$b01-01-93$cm$da $e-$fita$git $h2$i1 LEADER 01827nam2 22003973i 450 001 UAN0007405 005 20251003044417.0 100 $a20090507d1999 ||||0itac50 ba 101 | $aita 102 $ait 181 1$6z01$ai $bxxxe 182 1$6z01$an 183 1$6z01$anc$2RDAcarrier 200 1 $aˆ1: ‰Caratteristiche generali, sensori e trasduttori$esimbologia e caratteristiche generali della strumentazione$e*sensori, trasduttori e condizionatori dei segnali di misura$fA. Brunelli 205 $a4 ed 210 $aMilano$cGISI$d1999 215 $aIX, 183 p.$cill.$d25 cm. 461 1$1001MIL0143752$12001 $aStrumentazione di misura e controllo nelle applicazioni industriali$fA. Brunelli$v1 606 $aStrumenti per misure$2FIR$3CFIC045734$9E 606 $aRegolazione automatica$2FIR$3SBLC004019$9I 676 $a629.8$9INGEGNERIA DEI CONTROLLI AUTOMATICI$v14 676 $a629.8$9Ingegneria dei controlli automatici$v22 696 $aMisuratori$aApparecchi di misura$aApparecchi di misurazione$aStrumenti di misurazione$aStrumenti di misura 699 $aStrumenti per misure$yMisuratori 699 $aStrumenti per misure$yApparecchi di misura 699 $aStrumenti per misure$yApparecchi di misurazione 699 $aStrumenti per misure$yStrumenti di misurazione 699 $aStrumenti per misure$yStrumenti di misura 700 1$aBrunelli$b, Alessandro$f <1948- >$3MILV091840$4070$0770285 801 3$aIT$bIT-000000$c20090507 850 $aIT-BN0095 912 $aUAN0007405 950 2$aBiblioteca Centralizzata di Ateneo$cv. 1-4 in 5 v.$d 01SALA DING 629.8 BRU.st$e 0102 0000037315 VMA A4(0001 v. 1$fY $h20010326$i20010326 977 $a 01 996 $aCaratteristiche generali, sensori e trasduttori$91575464 997 $aUNISANNIO